[Event "ICS rated blitz match"]
[Site "204.178.125.65"]
[Date "2000.03.24"]
[Round "?"]
[White "StrongBach"]
[Black "Hossa"]
[Result "0-1"]
[WhiteElo "1812"]
[BlackElo "2505"]
[PlyCount "54"]

1. e4 e5 2. Nc3 Nf6 3. Qf3 Nc6 4. Bc4 d6 5. Nge2 Bg4 6. Qe3 Nb4 7. Bb3 Be6 8.
Nb1 Be7 9. Rg1 a5 10. Ng3 a4 11. Qc3 axb3 12. Qxb4 Rxa2 13. Rxa2 bxa2 14. Qa4+
Qd7 15. Qa8+ Qc8 16. Qxa2 Bxa2 17. Nc3 Be6 18. b4 d5 19. Nxd5 Nxd5 20. exd5
Bxd5 21. Ba3 Qa8 22. Bb2 Qa2 23. Bc1 Qxc2 24. Ke2 Bc4+ 25. Kf3 Qd3+ 26. Kg4
Be6+ 27. Kh5 Qg6# 0-1

[Event "ICS rated blitz match"]
[Site "204.178.125.65"]
[Date "2000.03.24"]
[Round "?"]
[White "Volganin"]
[Black "Hossa"]
[Result "0-1"]
[WhiteElo "1984"]
[BlackElo "2507"]
[PlyCount "20"]

1. e4 e5 2. Nf3 Nc6 3. Bb5 Nf6 4. O-O Bc5 5. Re1 Ng4 6. Re2 Nd4 7. Nxd4 Bxd4 8.
c3 Qh4 9. h3 Bxf2+ 10. Kh1 Qg3 0-1

[Event "ICS rated blitz match"]
[Site "204.178.125.65"]
[Date "2000.03.24"]
[Round "?"]
[White "Hossa"]
[Black "Volganin"]
[Result "1-0"]
[WhiteElo "2509"]
[BlackElo "1982"]
[PlyCount "63"]

1. e4 c5 2. Nf3 d6 3. d4 cxd4 4. Nxd4 Nf6 5. Nc3 g6 6. Be3 Bg7 7. f3 O-O 8. Qd2
Nc6 9. Bc4 Bd7 10. O-O-O Rc8 11. Bb3 Na5 12. Bh6 Nc4 13. Bxc4 Rxc4 14. Bxg7
Kxg7 15. h4 Qa5 16. h5 Qe5 17. hxg6 fxg6 18. b3 Rc5 19. b4 Rxc3 20. Qxc3 Rc8
21. Qe3 d5 22. Qh6+ Kg8 23. exd5 Qxd5 24. Kb1 Qc4 25. a3 Ba4 26. Rd2 Qc3 27.
Ka2 e5 28. Ne2 Qc4+ 29. Ka1 Bxc2 30. Rd7 Nxd7 31. Qxh7+ Kf8 32. Qxd7 1-0

[Event "ICS rated bullet match"]
[Site "204.178.125.65"]
[Date "2000.03.24"]
[Round "?"]
[White "Gannondwarf"]
[Black "Hossa"]
[Result "0-1"]
[WhiteElo "1252"]
[BlackElo "2560"]
[PlyCount "44"]

1. e4 e5 2. Nf3 Nc6 3. d4 exd4 4. Nxd4 Nf6 5. Nxc6 bxc6 6. Nc3 Bb4 7. Bc4 Nxe4
8. a3 Bxc3+ 9. bxc3 d5 10. Qf3 Qe7 11. Bd3 Ng3+ 12. Qe3 Nxh1 13. Qxe7+ Kxe7 14.
Kf1 c5 15. Kg1 c4 16. Kxh1 cxd3 17. cxd3 Bf5 18. Bd2 Bxd3 19. Re1+ Kd7 20. Re3
Rab8 21. Rxd3 Rb1+ 22. Be1 Rxe1# 0-1

[Event "ICS rated bullet match"]
[Site "204.178.125.65"]
[Date "2000.03.24"]
[Round "?"]
[White "Hossa"]
[Black "LeTiger"]
[Result "0-1"]
[WhiteElo "2560"]
[BlackElo "2772"]
[PlyCount "104"]

1. d4 d5 2. c4 c6 3. Nf3 Nf6 4. Nc3 e6 5. e3 Nbd7 6. Bd3 dxc4 7. Bxc4 b5 8. Bd3
a6 9. e4 c5 10. e5 cxd4 11. Nxb5 Nxe5 12. Nxe5 axb5 13. Bxb5+ Bd7 14. Nxd7 Qa5+
15. Bd2 Qxb5 16. Nxf8 Rxf8 17. a4 Qc4 18. a5 Nd5 19. Qa4+ Qxa4 20. Rxa4 e5 21.
a6 Kd7 22. Ra5 Kd6 23. Ke2 e4 24. b4 d3+ 25. Ke1 Rfb8 26. b5 Kc5 27. f3 e3 28.
b6+ Kxb6 29. Rxd5 Kc6 30. Rxd3 Rb1+ 31. Bc1 Rxc1+ 32. Rd1 Rc2 33. Rd3 Rxa6 34.
Rd1 Raa2 35. Rb1 Re2+ 36. Kf1 Rxg2 37. Rc1+ Kd5 38. h4 f5 39. Ke1 f4 40. Rb1
Kc4 41. h5 Kd3 42. h6 g5 43. Rd1+ Rgd2 44. Rc1 g4 45. fxg4 Rh2 46. Rd1+ Ke4 47.
Rxh2 Rxh2 48. Rd4+ Kxd4 49. Kf1 f3 50. Kg1 Rg2+ 51. Kf1 Rxg4 52. Ke1 Rg1# 0-1

[Event "ICS rated bullet match"]
[Site "204.178.125.65"]
[Date "2000.03.24"]
[Round "?"]
[White "LeTiger"]
[Black "Hossa"]
[Result "1-0"]
[WhiteElo "2779"]
[BlackElo "2553"]
[PlyCount "121"]

1. e4 c5 2. Nf3 d6 3. d4 cxd4 4. Qxd4 Nc6 5. Bb5 Bd7 6. Bxc6 Bxc6 7. Nc3 Nf6 8.
Bg5 e6 9. O-O-O Be7 10. Rhe1 O-O 11. e5 dxe5 12. Qh4 Qc7 13. Nxe5 Rfd8 14. Ng4
Nxg4 15. Bxe7 Rxd1+ 16. Rxd1 Qf4+ 17. Kb1 Qf5 18. h3 Nf6 19. g4 Qf4 20. Bxf6
Qxf6 21. Qxf6 gxf6 22. Kc1 Bg2 23. h4 Rc8 24. Rd4 e5 25. Ra4 a6 26. Kd2 Rd8+
27. Ke3 Bc6 28. Rb4 b5 29. a4 a5 30. Rxb5 Bxb5 31. axb5 f5 32. gxf5 Rd4 33. b6
Rb4 34. Na4 Kg7 35. c3 Rb5 36. Kd3 Rd5+ 37. Kc4 Rd7 38. Nc5 Rd6 39. Kb5 Rd2 40.
b7 Rxb2+ 41. Kc6 Rxb7 42. Kxb7 Kf6 43. c4 Kxf5 44. Na4 e4 45. c5 Kg4 46. c6 Kf3
47. c7 Kxf2 48. c8=Q e3 49. Qf5+ Kg3 50. Qxh7 e2 51. Qe4 Kf2 52. Qf4+ Kg2 53.
Qe3 Kf1 54. Qf3+ Kg1 55. Qxe2 f6 56. h5 f5 57. h6 f4 58. h7 f3 59. Qxf3 Kh2 60.
h8=Q+ Kg1 61. Qhh1# 1-0

[Event "ICS rated blitz match"]
[Site "204.178.125.65"]
[Date "2000.03.24"]
[Round "?"]
[White "Muskovit3"]
[Black "Hossa"]
[Result "1-0"]
[WhiteElo "2715"]
[BlackElo "2510"]
[PlyCount "63"]

1. e4 e6 2. d4 d5 3. Nc3 Nf6 4. Bg5 dxe4 5. Nxe4 Be7 6. Bxf6 Bxf6 7. Nf3 O-O 8.
Qd2 Nd7 9. O-O-O Be7 10. Bd3 b6 11. h4 Bb7 12. Nfg5 h6 13. Rh3 c5 14. dxc5 Ne5
15. f4 Nxd3+ 16. Rxd3 Qc8 17. Nd6 Bxd6 18. cxd6 hxg5 19. d7 Qd8 20. hxg5 f5 21.
Rd6 Kf7 22. Qe2 Be4 23. Qh5+ Ke7 24. Qg6 Bd5 25. R1xd5 Rf7 26. Rxe6+ Kf8 27.
Qh7 Rf6 28. Rxf6+ Qxf6 29. gxf6 Kf7 30. Qxg7+ Ke6 31. Rd4 Rd8 32. Qe7# 1-0

[Event "ICS rated blitz match"]
[Site "204.178.125.65"]
[Date "2000.03.24"]
[Round "?"]
[White "Hossa"]
[Black "Muskovit3"]
[Result "1/2-1/2"]
[WhiteElo "2502"]
[BlackElo "2723"]
[PlyCount "240"]

1. e4 e5 2. Nf3 Nc6 3. Bb5 a6 4. Ba4 Nf6 5. O-O Be7 6. Re1 b5 7. Bb3 d6 8. c3
O-O 9. h3 Na5 10. Bc2 c5 11. d4 Qc7 12. Nbd2 cxd4 13. cxd4 Nc6 14. Nb3 a5 15.
Be3 a4 16. Nbd2 Nb4 17. Bb1 Bd7 18. Qc1 Qxc1 19. Rxc1 exd4 20. Nxd4 Rfc8 21.
Rxc8+ Rxc8 22. a3 Na6 23. Bc2 h6 24. b4 axb3 25. Bxb3 Nc5 26. Bc2 Ra8 27. Rb1
Rxa3 28. Nxb5 Ra2 29. Nd4 h5 30. Rb8+ Ne8 31. Bb1 Ra1 32. g3 Bf6 33. Kg2 Kf8
34. N2f3 Ra4 35. Bc2 Rc4 36. Bb3 Nxb3 37. Rxb3 g5 38. Rd3 g4 39. hxg4 hxg4 40.
Nd2 Ra4 41. N2b3 Be5 42. Bg5 Nf6 43. Bxf6 Bxf6 44. Rd2 Be5 45. Rd1 Ra2 46. Kf1
Rb2 47. Ra1 Be6 48. Ra8+ Kg7 49. Nxe6+ fxe6 50. Ra3 Kf6 51. Kg2 d5 52. Nc5 Bd4
53. Nd3 Rd2 54. exd5 exd5 55. Kf1 Kf5 56. Ke1 Rc2 57. Kd1 Rc7 58. Ra8 Ke4 59.
Ra3 Bc3 60. Ke2 Bb2 61. Ra5 Rc2+ 62. Kd1 Kxd3 63. Rxd5+ Ke4 64. Rg5 Rxf2 65.
Rxg4+ Ke3 66. Rb4 Rd2+ 67. Ke1 Bc3 68. Rc4 Rd3+ 69. Kf1 Kf3 70. Rf4+ Kxg3 71.
Ke2 Rd2+ 72. Ke3 Rh2 73. Rf3+ Kg4 74. Rf4+ Kh3 75. Rf3+ Kh4 76. Kf4 Be1 77. Kf5
Re2 78. Rf4+ Kg3 79. Rg4+ Kf2 80. Rf4+ Kg1 81. Rg4+ Kf1 82. Rf4+ Bf2 83. Re4
Be3 84. Ke6 Kg2 85. Rg4+ Kh1 86. Rh4+ Kg1 87. Rg4+ Kf2 88. Kf6 Re1 89. Kf7 Kf1
90. Re4 Kg1 91. Rg4+ Kh1 92. Rh4+ Kg2 93. Rh5 Bc1 94. Kg7 Bb2+ 95. Kg6 Ba1 96.
Rg5+ Kf1 97. Rf5+ Kg1 98. Rg5+ Kh2 99. Rh5+ Kg3 100. Kh6 Kf2 101. Rg5 Bb2 102.
Rf5+ Kg1 103. Rg5+ Kf1 104. Rf5+ Ke2 105. Kg6 Ba1 106. Rf4 Rd1 107. Re4+ Kf1
108. Rf4+ Ke1 109. Re4+ Kd2 110. Kf7 Kc1 111. Rc4+ Kb1 112. Rb4+ Kc2 113. Rc4+
Bc3 114. Ke8 Rh1 115. Rc7 Rh8+ 116. Kd7 Kb2 117. Rb7+ Kc1 118. Kc6 Rh5 119. Rb5
Rh6+ 120. Kd7 Kc2 1/2-1/2

[Event "ICS rated blitz match"]
[Site "204.178.125.65"]
[Date "2000.03.24"]
[Round "?"]
[White "Muskovit3"]
[Black "Hossa"]
[Result "1/2-1/2"]
[WhiteElo "2714"]
[BlackElo "2511"]
[PlyCount "202"]

1. e4 c5 2. Nf3 e6 3. d4 cxd4 4. Nxd4 Nf6 5. Nc3 d6 6. Be2 Be7 7. O-O O-O 8. f4
a6 9. Kh1 Qc7 10. a4 Nc6 11. Be3 Rd8 12. Qe1 d5 13. exd5 exd5 14. Rd1 Ne4 15.
Nxe4 dxe4 16. Qc3 Bf6 17. Qc5 Bd7 18. Kg1 Rac8 19. Nxc6 Qxc6 20. Qxc6 Bxc6 21.
b3 Bc3 22. Bg4 Rxd1 23. Rxd1 Re8 24. Kf2 g6 25. Bd7 Bxd7 26. Rxd7 b5 27. Ra7
Re6 28. axb5 axb5 29. Bc5 Bd2 30. Ra8+ Kg7 31. g3 b4 32. Ke2 e3 33. Rc8 f6 34.
Rb8 Rc6 35. Rb5 Rc7 36. h4 Bc1 37. Kd1 Bd2 38. Bxb4 Bxb4 39. Rxb4 e2+ 40. Kxe2
Rxc2+ 41. Kf3 Rc3+ 42. Kg2 Rc2+ 43. Kh3 h5 44. Rb7+ Kg8 45. b4 Rb2 46. Rb5 f5
47. Rb8+ Kh7 48. Rb7+ Kg8 49. b5 Kh8 50. b6 Kg8 51. Rd7 Rxb6 52. Kg2 Rb2+ 53.
Kh3 Re2 54. Rc7 Kf8 55. Rh7 Rb2 56. Rd7 Rc2 57. Rd3 Re2 58. Ra3 Rd2 59. Ra7 Rc2
60. Ra6 Kf7 61. Ra5 Rf2 62. Ra7+ Kf8 63. Rb7 Rc2 64. Rd7 Kg8 65. Re7 Ra2 66.
Rc7 Re2 67. Rc5 Rb2 68. Rc6 Kg7 69. Re6 Rd2 70. Re3 Kf7 71. Rc3 Ra2 72. Rc6 Kg7
73. Rd6 Rc2 74. Rd8 Re2 75. Rc8 Ra2 76. Rc1 Kh7 77. Rc7+ Kg8 78. Re7 Rd2 79.
Rb7 Kh8 80. Ra7 Re2 81. Ra5 Kg7 82. Rc5 Kf7 83. Rc4 Re7 84. Kg2 Re2+ 85. Kf3
Rd2 86. Rc7+ Ke6 87. Rc3 Kd6 88. Re3 Rc2 89. Re8 Rc6 90. Kg2 Rc2+ 91. Kh3 Kd5
92. Re7 Rb2 93. Re5+ Kd6 94. Re8 Kd7 95. Rg8 Rb6 96. Rg7+ Ke8 97. Ra7 Rb2 98.
Rc7 Kf8 99. Ra7 Rd2 100. Ra1 Kg7 101. Re1 Kf6 1/2-1/2

[Event "ICS rated bullet match"]
[Site "204.178.125.65"]
[Date "2000.03.24"]
[Round "?"]
[White "Hossa"]
[Black "Cavemanchess"]
[Result "1-0"]
[WhiteElo "2546"]
[BlackElo "1936"]
[PlyCount "93"]

1. e4 g6 2. d4 c6 3. Nf3 d5 4. exd5 cxd5 5. Nc3 Bg4 6. Be2 e6 7. O-O Bg7 8. Ne5
Bxe2 9. Qxe2 Nc6 10. Nxc6 bxc6 11. Rd1 Ne7 12. Bg5 O-O 13. g3 Re8 14. Rab1 Qb6
15. Bxe7 Rxe7 16. Qd2 Rc7 17. a3 a5 18. Na4 Qa7 19. Qf4 Rac8 20. c3 Bf8 21. Re1
c5 22. Nxc5 Bxc5 23. dxc5 Rxc5 24. Qf6 Qc7 25. Re2 Qd8 26. Qe5 Qc7 27. Qg5 Rc4
28. Qh6 Qc5 29. Re5 Qf8 30. Qd2 Qg7 31. Qe3 h5 32. Re1 h4 33. Qa7 hxg3 34. fxg3
R8c5 35. Qe7 Qf8 36. Qf6 Qg7 37. Qd8+ Qf8 38. Qf6 Qg7 39. Qd8+ Qf8 40. Qf6 Qg7
41. Qd8+ Kh7 42. R1e2 f6 43. Rxe6 d4 44. Re7 Rc7 45. Rxg7+ Rxg7 46. cxd4 Re7
47. Rxe7+ 1-0

[Event "ICS rated blitz match"]
[Site "204.178.125.65"]
[Date "2000.03.24"]
[Round "?"]
[White "Hossa"]
[Black "Muskovit3"]
[Result "0-1"]
[WhiteElo "2519"]
[BlackElo "2706"]
[PlyCount "134"]

1. e4 e5 2. Nc3 Nf6 3. Nf3 Nc6 4. d4 exd4 5. Nxd4 Bb4 6. Nxc6 bxc6 7. Bd3 d5 8.
exd5 cxd5 9. Qe2+ Qe7 10. Qxe7+ Kxe7 11. Bd2 c6 12. O-O-O Rd8 13. a3 Bd6 14.
Bg5 Re8 15. Rde1+ Be6 16. Bf5 Kf8 17. Bxe6 Rxe6 18. Rxe6 fxe6 19. Re1 Kf7 20.
h3 Rb8 21. g3 a5 22. f4 h6 23. Bxf6 gxf6 24. Rf1 Ke7 25. Nd1 e5 26. fxe5 fxe5
27. Ne3 Ke6 28. Nf5 Rf8 29. Ng7+ Kd7 30. Rxf8 Bxf8 31. Nf5 Ke6 32. g4 c5 33. b3
d4 34. Kd1 Kd5 35. Ke2 e4 36. a4 Ke5 37. Nh4 Be7 38. Nf5 Bg5 39. h4 Bf4 40. Ne7
Ke6 41. Nf5 Kf6 42. Kf2 Ke5 43. Ne7 Ke6 44. Nf5 Kf6 45. Ng3 Bxg3+ 46. Kxg3 Ke5
47. h5 Kf6 48. Kf4 e3 49. Kf3 Kg5 50. Kg3 e2 51. Kf2 Kxg4 52. Kxe2 Kxh5 53. Kf3
Kg5 54. Kg3 h5 55. Kf3 Kf5 56. Ke2 Ke4 57. Kd2 h4 58. Ke2 h3 59. Kf1 Kf3 60.
Kg1 Kg3 61. Kf1 h2 62. Ke2 h1=Q 63. Kd2 Qf1 64. b4 c4 65. c3 d3 66. bxa5 Qe2+
67. Kc1 Qc2# 0-1

[Event "ICS rated blitz match"]
[Site "204.178.125.65"]
[Date "2000.03.24"]
[Round "?"]
[White "Hossa"]
[Black "Muskovit3"]
[Result "0-1"]
[WhiteElo "2503"]
[BlackElo "2722"]
[PlyCount "106"]

1. e4 e5 2. Bc4 Nf6 3. d4 exd4 4. Nf3 Nxe4 5. Qxd4 Nf6 6. Bg5 Be7 7. Nc3 c6 8.
O-O-O d5 9. Qh4 Be6 10. Rhe1 Nbd7 11. Bd3 Nc5 12. Nd4 Ng8 13. f4 Bxg5 14. fxg5
Ne7 15. Nxe6 Nxe6 16. g6 Nxg6 17. Rxe6+ fxe6 18. Bxg6+ Kd7 19. Qg4 Qf6 20. Bd3
Raf8 21. Kb1 Kc7 22. Rf1 Qe5 23. Rxf8 Rxf8 24. Nd1 Rf4 25. Qg3 h6 26. Be2 Kd6
27. Qa3+ c5 28. Bf3 a6 29. Qa5 Kc6 30. Qd8 c4 31. Qc8+ Kb6 32. Qd8+ Qc7 33. Qe8
Qd6 34. Qg8 g5 35. Nc3 Ka7 36. Qh8 Qb6 37. Ka1 g4 38. Bd1 Rf1 39. Kb1 Qg1 40.
Kc1 d4 41. h3 dxc3 42. Qd8 Rxd1+ 43. Qxd1 cxb2+ 44. Kxb2 Qxd1 45. Kc3 e5 46.
Kxc4 Qxc2+ 47. Kd5 Qxg2+ 48. Kd6 gxh3 49. Kxe5 h2 50. Ke6 h1=Q 51. Kf7 Qhf1+
52. Ke7 Qc6 53. a4 Qff6# 0-1

[Event "ICS rated blitz match"]
[Site "204.178.125.65"]
[Date "2000.03.24"]
[Round "?"]
[White "Muskovit3"]
[Black "Hossa"]
[Result "1-0"]
[WhiteElo "2729"]
[BlackElo "2496"]
[PlyCount "157"]

1. e4 e5 2. Nf3 Nc6 3. Bb5 a6 4. Ba4 Nf6 5. O-O Be7 6. Re1 b5 7. Bb3 d6 8. c3
O-O 9. h3 Bb7 10. d4 Re8 11. Nbd2 Bf8 12. d5 Ne7 13. c4 c6 14. Bc2 Ng6 15. dxc6
Bxc6 16. cxb5 axb5 17. Nf1 d5 18. exd5 Qxd5 19. Bd2 Rxa2 20. Rxa2 Qxa2 21. Bxg6
Bxf3 22. Bxh7+ Nxh7 23. Qxf3 Qxb2 24. Qf5 g6 25. Qd3 b4 26. Qf3 Rd8 27. Re2 Bd6
28. Bh6 Qc3 29. Re3 Qc4 30. Re1 Qh4 31. Qe3 Re8 32. Rd1 Bf8 33. Bxf8 Nxf8 34.
Rb1 Qd4 35. Qb3 Rb8 36. Ne3 Ne6 37. Nc2 Qc5 38. Qa4 Nd4 39. Rxb4 Rc8 40. Ne3
Qc1+ 41. Kh2 Qd2 42. Ng4 Kg7 43. Qa5 Kh7 44. Ra4 Qf4+ 45. g3 Qf5 46. Ra3 Rc2
47. Qa8 Kg7 48. Kg2 Rc1 49. Qd5 Nc2 50. Rb3 Kh7 51. h4 Nd4 52. Rb7 Ne6 53. Nxe5
Nc7 54. Qxf7+ Qxf7 55. Nxf7 Kg7 56. Ne5 Kf6 57. f4 Rc3 58. Rb6+ Ne6 59. Nxg6
Kxg6 60. Rxe6+ Kg7 61. h5 Rc2+ 62. Kf3 Rc3+ 63. Kg4 Kf7 64. f5 Kf8 65. h6 Kg8
66. f6 Rc4+ 67. Kg5 Rc3 68. g4 Rg3 69. Re8+ Kf7 70. h7 Kxe8 71. h8=Q+ Kd7 72.
Qa8 Rg1 73. Qa7+ Kd6 74. Qxg1 Kd5 75. f7 Kc4 76. f8=Q Kb3 77. Qe3+ Kc2 78.
Qff2+ Kb1 79. Qee1# 1-0

[Event "ICS rated bullet match"]
[Site "204.178.125.65"]
[Date "2000.03.24"]
[Round "?"]
[White "Hossa"]
[Black "carrja"]
[Result "1-0"]
[WhiteElo "2547"]
[BlackElo "1504"]
[PlyCount "33"]

1. e4 c6 2. d4 d5 3. Nc3 dxe4 4. Nxe4 Bf5 5. Ng3 Bg6 6. h4 h6 7. Nf3 Nd7 8. h5
Bh7 9. Bd3 Bxd3 10. Qxd3 Qc7 11. Bd2 Ngf6 12. O-O-O e6 13. Rde1 c5 14. d5 Be7
15. dxe6 fxe6 16. Qg6+ Kf8 17. Rxe6 1-0

[Event "ICS rated bullet match"]
[Site "204.178.125.65"]
[Date "2000.03.24"]
[Round "?"]
[White "carrja"]
[Black "Hossa"]
[Result "0-1"]
[WhiteElo "1504"]
[BlackElo "2547"]
[PlyCount "62"]

1. e4 e5 2. Nf3 Nc6 3. Bb5 Nf6 4. d4 exd4 5. e5 Ne4 6. Bxc6 Bb4+ 7. c3 dxc3 8.
O-O dxc6 9. Nxc3 Nxc3 10. Qxd8+ Kxd8 11. bxc3 Bxc3 12. Rb1 Be6 13. Rd1+ Kc8 14.
Bf4 Bxa2 15. Rbc1 Bb2 16. Rc2 Bb3 17. Rxb2 Bxd1 18. Rd2 Bxf3 19. gxf3 Re8 20.
Kg2 b5 21. Rc2 Re6 22. Ra2 a5 23. Rd2 a4 24. Ra2 b4 25. Rd2 c5 26. Rd5 c4 27.
Rc5 c3 28. Rb5 a3 29. Rxb4 a2 30. Rc4 a1=Q 31. Rxc3 Qxc3 0-1

[Event "ICS rated bullet match"]
[Site "204.178.125.65"]
[Date "2000.03.24"]
[Round "?"]
[White "Hossa"]
[Black "Maat99"]
[Result "1-0"]
[WhiteElo "2547"]
[BlackElo "1349"]
[PlyCount "35"]

1. d4 b6 2. c4 Bb7 3. Nf3 g6 4. d5 Bg7 5. Nc3 c6 6. e4 cxd5 7. cxd5 e6 8. Nb5
exd5 9. Nd6+ Ke7 10. Nxb7 Qc7 11. Qxd5 Nf6 12. Bg5 Nc6 13. e5 Qxb7 14. exf6+
Bxf6 15. Qe4+ Kf8 16. Bxf6 Rg8 17. Ng5 Re8 18. Nxh7# 1-0

[Event "ICS rated standard match"]
[Site "204.178.125.65"]
[Date "2000.03.24"]
[Round "?"]
[White "Ibro"]
[Black "Hossa"]
[Result "0-1"]
[WhiteElo "2046"]
[BlackElo "2266"]
[PlyCount "84"]

1. e4 e5 2. Nf3 Nc6 3. Bc4 Nf6 4. Ng5 d5 5. exd5 Nd4 6. c3 b5 7. cxd4 bxc4 8.
dxe5 Nxd5 9. Qa4+ Bd7 10. Qxc4 c6 11. d4 Be7 12. Ne4 Nb6 13. Qc3 Nd5 14. Qf3
Nb4 15. Na3 Be6 16. Be3 Nd3+ 17. Ke2 Nb4 18. Rhc1 Qd7 19. Kf1 O-O 20. Nc4 Nd3
21. Rc2 Nb4 22. Rc3 Bg4 23. Qg3 Nd5 24. Rcc1 Rad8 25. b3 Bf5 26. Ned6 f6 27.
Nxf5 Qxf5 28. Kg1 Bb4 29. a3 Nc3 30. Re1 Ne4 31. Qf3 Qxf3 32. gxf3 Bxe1 33.
Rxe1 Nc3 34. f4 Rd5 35. Kf1 Nb5 36. exf6 Rxf6 37. a4 Nxd4 38. b4 Nf3 39. Rc1
Nxh2+ 40. Kg2 Rg6+ 41. Kh1 Rh5 42. Ne5 Nf3# 0-1

[Event "ICS rated blitz match"]
[Site "204.178.125.65"]
[Date "2000.03.24"]
[Round "?"]
[White "Volganin"]
[Black "Hossa"]
[Result "0-1"]
[WhiteElo "2047"]
[BlackElo "2492"]
[PlyCount "50"]

1. e4 e5 2. Nf3 Nc6 3. Bb5 a6 4. Ba4 Nf6 5. O-O Be7 6. Re1 b5 7. Bb3 O-O 8. c3
d5 9. exd5 Nxd5 10. Nxe5 Nxe5 11. Rxe5 c6 12. Re1 Bd6 13. Qf3 Re8 14. Re3 Be6
15. Bxd5 Bxd5 16. Qe2 Bc4 17. d3 Rxe3 18. Bxe3 Bxd3 19. Qf3 Qh4 20. g3 Qh3 21.
Nd2 Rc8 22. Ne4 Be7 23. b3 Rd8 24. Rd1 Rd5 25. Qf4 Bxe4 0-1

[Event "ICS rated blitz match"]
[Site "204.178.125.65"]
[Date "2000.03.24"]
[Round "?"]
[White "Hossa"]
[Black "QueenMaxima"]
[Result "1/2-1/2"]
[WhiteElo "2494"]
[BlackElo "2405"]
[PlyCount "100"]

1. e4 c5 2. Nf3 d6 3. d4 cxd4 4. Nxd4 Nf6 5. Nc3 Nc6 6. Be3 e5 7. Nb3 Be6 8.
Bb5 Ng4 9. Bd2 Qh4 10. g3 Qh3 11. Bf1 Qh5 12. Nd5 Rc8 13. Bg2 Qg6 14. O-O Ne7
15. Nxe7 Bxe7 16. f3 Nf6 17. Be3 Bc4 18. Rf2 Ra8 19. Na5 Ba6 20. Bf1 Bxf1 21.
Qxf1 O-O 22. Rd1 Rfb8 23. Nc4 Ne8 24. Rfd2 Rc8 25. Rd5 Qe6 26. b3 Rd8 27. Qf2
Nf6 28. R5d2 b6 29. Bg5 Nxe4 30. fxe4 Bxg5 31. Rxd6 Qe8 32. Rxd8 Rxd8 33. Rd5
Be7 34. Rxe5 f6 35. Re6 Qd7 36. Qf5 Bc5+ 37. Kg2 Qd1 38. c3 Qe2+ 39. Kh3 Bg1
40. Rxf6 gxf6 41. Qe6+ Kg7 42. Qe7+ Kg6 43. Ne5+ fxe5 44. Qe6+ Kg5 45. Qe7+ Kh6
46. Qf6+ Kh5 47. Qf7+ Kh6 48. Qf6+ Kh5 49. Qf7+ Kh6 50. Qf6+ Kh5 1/2-1/2

[Event "ICS rated blitz match"]
[Site "204.178.125.65"]
[Date "2000.03.24"]
[Round "?"]
[White "Gruff"]
[Black "Hossa"]
[Result "0-1"]
[WhiteElo "2318"]
[BlackElo "2490"]
[PlyCount "68"]

1. Nf3 d5 2. g3 Nf6 3. Bg2 c6 4. O-O Bg4 5. d3 Nbd7 6. Nbd2 e5 7. h3 Bxf3 8.
Nxf3 Bc5 9. Qe1 e4 10. dxe4 dxe4 11. Ng5 Qe7 12. h4 O-O-O 13. a3 e3 14. f3 h6
15. Nh3 Kb8 16. b4 Qe5 17. c3 Bb6 18. Bb2 Nf8 19. a4 Rd2 20. Rb1 Ne6 21. Kh1
Rhd8 22. Ng1 Rc2 23. f4 Qf5 24. Nf3 Ne4 25. c4 Rxe2 26. Be5+ Ka8 27. c5 Rxe1
28. Rfxe1 Bc7 29. Kh2 Bxe5 30. Nxe5 Nxf4 31. Nxf7 Qh3+ 32. Bxh3 Rd2+ 33. Kh1
Nxg3+ 34. Kg1 Nxh3# 0-1

[Event "ICS rated blitz match"]
[Site "204.178.125.65"]
[Date "2000.03.24"]
[Round "?"]
[White "BigThunder"]
[Black "Hossa"]
[Result "0-1"]
[WhiteElo "2080"]
[BlackElo "2499"]
[PlyCount "60"]

1. e4 e5 2. Bc4 Nf6 3. d3 Bc5 4. Nf3 Nc6 5. c3 d6 6. O-O O-O 7. Bb3 d5 8. exd5
Nxd5 9. Re1 Bg4 10. h3 Bxf3 11. Qxf3 Nb6 12. Nd2 Be7 13. Ne4 Qd7 14. Be3 Qxd3
15. Rad1 Qb5 16. Bxb6 Qxb6 17. Rd7 Rad8 18. Rxe7 Nxe7 19. Ng5 Qf6 20. Qh5 Qg6
21. Qxg6 Nxg6 22. h4 Nxh4 23. Rxe5 Ng6 24. Rf5 Rd7 25. g3 Re7 26. Kg2 a6 27.
Bc4 Ne5 28. Bb3 Nd3 29. Bc2 Ne1+ 30. Kh3 Nxc2 0-1

[Event "ICS rated blitz match"]
[Site "204.178.125.65"]
[Date "2000.03.24"]
[Round "?"]
[White "Hossa"]
[Black "BigThunder"]
[Result "1/2-1/2"]
[WhiteElo "2502"]
[BlackElo "2077"]
[PlyCount "121"]

1. e4 c5 2. Nf3 Nc6 3. d4 cxd4 4. Nxd4 Nf6 5. Nc3 e6 6. Ndb5 d6 7. Bf4 e5 8.
Bg5 a6 9. Bxf6 gxf6 10. Na3 b5 11. Nd5 Bg7 12. c4 f5 13. cxb5 Nd4 14. exf5 Bxf5
15. bxa6 O-O 16. b4 Be6 17. Nc3 Qg5 18. Ne4 Qg6 19. f3 d5 20. Ng3 e4 21. fxe4
dxe4 22. Qc1 Rac8 23. Qe3 Rc3 24. Qxc3 Nf3+ 25. Qxf3 exf3 26. Rd1 Bc3+ 27. Kf2
Bxa2 28. gxf3 Bxb4 29. Ra1 Qb6+ 30. Kg2 Bd5 31. Nc2 Bc3 32. Rc1 Re8 33. Bd3 Qf6
34. Be4 Bxe4 35. Nxe4 Qg6+ 36. Kf2 Rxe4 37. Rhg1 Ra4 38. Ne3 Bd4 39. Rc8+ Kg7
40. Rxg6+ hxg6 41. Ke2 Rxa6 42. Nd5 Ra2+ 43. Kd3 Be5 44. f4 Bf6 45. Rc6 Bd8 46.
Rc2 Ra3+ 47. Ke2 Rh3 48. Kd1 Bh4 49. Rd2 Rf3 50. Kc2 Rf2 51. Rxf2 Bxf2 52. Kd3
Bg1 53. h3 f5 54. Nc7 Bh2 55. Nd5 Kh6 56. Kd4 Kh5 57. Ke5 g5 58. Kf6 gxf4 59.
Nxf4+ Kh4 60. Ng6+ Kxh3 61. Kxf5 1/2-1/2

[Event "ICS rated blitz match"]
[Site "204.178.125.65"]
[Date "2000.03.24"]
[Round "?"]
[White "BigThunder"]
[Black "Hossa"]
[Result "0-1"]
[WhiteElo "2090"]
[BlackElo "2489"]
[PlyCount "44"]

1. e4 e5 2. Nf3 Nc6 3. Bc4 Nf6 4. d3 Bc5 5. c3 d6 6. Bb3 Bg4 7. h3 Bh5 8. O-O
Bxf3 9. Qxf3 a5 10. Re1 a4 11. Bc2 b5 12. Nd2 O-O 13. Nf1 b4 14. Ng3 a3 15. Nf5
axb2 16. Bxb2 bxc3 17. Bxc3 g6 18. Qg3 Nh5 19. Qf3 Bb4 20. d4 gxf5 21. Bxb4
Nxb4 22. Qxh5 Nxc2 0-1

[Event "ICS Rated bullet match"]
[Site "204.178.125.65"]
[Date "2000.03.24"]
[Round "?"]
[White "Erikasparov"]
[Black "Hossa"]
[Result "0-1"]
[WhiteElo "1586"]
[BlackElo "2547"]
[PlyCount "44"]

1. e3 e5 2. Nf3 e4 3. Ng1 Nc6 4. d4 exd3 5. Bxd3 Nf6 6. Nf3 d5 7. O-O Bd6 8. c3
Bg4 9. Nbd2 Ne5 10. Be2 Nxf3+ 11. Bxf3 Bxf3 12. Qxf3 O-O 13. Nb3 Qd7 14. Nd4 c5
15. Nf5 Be5 16. Ng3 Qd6 17. h3 Bxg3 18. Qxg3 Qxg3 19. fxg3 Ne4 20. Kh2 Rfe8 21.
Re1 Rac8 22. b4 Nxc3 0-1

[Event "ICS rated standard match"]
[Site "204.178.125.65"]
[Date "2000.03.24"]
[Round "?"]
[White "Hossa"]
[Black "MM3Quick"]
[Result "1-0"]
[WhiteElo "2273"]
[BlackElo "2132"]
[PlyCount "143"]

1. e4 c6 2. d4 d6 3. Nf3 Qc7 4. c4 e5 5. Nc3 Nf6 6. Bd3 Be7 7. Bg5 Bg4 8. dxe5
dxe5 9. h3 Bh5 10. g4 Bg6 11. Bxf6 Bxf6 12. g5 Be7 13. h4 Bh5 14. Rh3 Nd7 15.
Be2 O-O-O 16. Nd2 Bxe2 17. Qxe2 Nc5 18. O-O-O Rd7 19. Rf3 f6 20. Rg3 Rhd8 21.
Kb1 Ne6 22. gxf6 gxf6 23. Qg4 Nd4 24. Nb3 Nxb3 25. axb3 Kb8 26. Rxd7 Qxd7 27.
Qxd7 Rxd7 28. Rg7 Kc7 29. Rxh7 Bc5 30. Rxd7+ Kxd7 31. f3 Ke7 32. Ne2 Kf7 33.
Ng3 a5 34. h5 Bd4 35. Nf5 Bc5 36. Kc2 Kg8 37. Kd1 Kh7 38. Kc1 Bd4 39. Nd6 b6
40. Nf5 Bc5 41. Kd2 Bd4 42. Kc2 Bc5 43. Kd3 Bb4 44. Ne3 Bc5 45. Ng4 Be7 46. Kd2
Bb4+ 47. Ke2 Be7 48. f4 exf4 49. Kf3 Kg7 50. Kxf4 Bc5 51. h6+ Kg6 52. h7 Kxh7
53. Nxf6+ Kg6 54. Nd7 Bd4 55. Ne5+ Kf6 56. Nxc6 Bxb2 57. c5 bxc5 58. Nxa5 Ke6
59. Nc4 Bd4 60. Ne3 Be5+ 61. Kf3 Bc3 62. Nc4 Bd4 63. Kf4 Bc3 64. Ke3 Bd4+ 65.
Ke2 Bc3 66. Nb6 Bd4 67. Nd5 Ke5 68. Kd3 Bf2 69. Ne7 Bg1 70. Ng6+ Kf6 71. Nh4
Ke5 72. Nf3+ 1-0

[Event "ICS rated standard match"]
[Site "204.178.125.65"]
[Date "2000.03.24"]
[Round "?"]
[White "Hossa"]
[Black "Ibro"]
[Result "1-0"]
[WhiteElo "2283"]
[BlackElo "2011"]
[PlyCount "91"]

1. e4 d6 2. d4 g6 3. Nf3 Bg7 4. Bc4 e6 5. O-O Ne7 6. Nc3 O-O 7. Bg5 h6 8. Be3
c6 9. Qd2 Kh7 10. Rfd1 d5 11. Bb3 dxe4 12. Nxe4 Nd5 13. c4 Nxe3 14. fxe3 f5 15.
Nc5 Qe7 16. Nd3 Nd7 17. Rf1 a5 18. Rad1 a4 19. Bc2 b5 20. cxb5 cxb5 21. Nb4 Bb7
22. Bd3 Rab8 23. Rc1 Bxf3 24. Rxf3 Rb6 25. Rf2 Nf6 26. Rc5 Rfb8 27. Nc6 Rxc6
28. Rxc6 b4 29. Qc1 Nd5 30. Bc4 Qd7 31. Bxd5 Qxd5 32. Rc7 Qxa2 33. Rxg7+ Kxg7
34. Qc7+ Kf6 35. Qxb8 Qb1+ 36. Rf1 Qxb2 37. Qf8+ Kg5 38. Qe7+ Kh5 39. g3 g5 40.
h3 Kg6 41. Qxe6+ Kg7 42. Qe5+ Kg8 43. Qxf5 Qb3 44. Qg6+ Kh8 45. Rf8+ Qg8 46.
Qxh6# 1-0